東西南北つく駅がすべて揃う鉄道路線 - Statistics

General Stats
  • This quiz has been taken 297 times
  • The average score is 5 of 14
Answer Stats
Hint Answer 西 % Correct
JR 東北本線 東京など 西那須野など 南仙台など 北上など
81%
JR 武蔵野線 東所沢など 西浦和など 南浦和など 北朝霞など
70%
JR 山陽本線 東加古川など 西明石など 南岩国など 北長瀬
69%
JR 山陰本線 東萩など 西出雲など 江南 下北条
63%
JR 羽越本線 東酒田 西目など 南鳥海 北余目
44%
JR 日豊本線 東中津など 西小倉など 南宮崎など 北俣など
41%
JR 石北本線 東旭川など 西北見など 南永山など 北見など
31%
大手私鉄 東武伊勢崎線 東向島など 西新井 南羽生 北越谷など
25%
大手私鉄 京王京王線 東府中 西調布 南平 北野など
25%
地下鉄 OsakaMetro御堂筋線 東三国 西田辺など 西中島南方など 北花田
21%
JR 陸羽西線 東大崎など 西古川など 南新庄 北浦
14%
JR 越後線 東柏崎 西中通など 南吉田 北吉田
10%
JR 左沢線 東金井 西寒河江 南寒河江 北山形
4%
大手私鉄 阪急今津線 甲東園 西宮北口 宝塚南口 西宮北口
3%
No matching quizzes found
Score Distribution
Percent of People with Each Score
Percentile by Number Answered
Your Score History
You have not taken this quiz